• 首页
  • 本馆介绍
  • 公告通知
  • 最新文献
  • 馆藏检索
  • 电子资源
  • 读者导购
  • 参考咨询
  • 我的图书馆
  • 登录
  • 详细信息显示
  • 放入我的书架
  • 预约/预借图书
  • 作者相关作品
  • 分类相关作品
  • 丛书相关作品
  • 出版社相关作品

书目信息

  • 表格格式
  • 工作单格式
  • 卡片格式
题名:
细数阳光
    
 
作者: 袁卫星 著
分册:  
出版信息: 成都   四川教育出版社  2003
页数: 290页
开本: 21cm
丛书名: 教育在线文库
单 册:
中图分类: G52-53
科图分类:
主题词: 教育--随笔--中国--文集
电子资源:
ISBN: 7-5408-3879-5
000 00822nam0 2200241 450
001 TS2006028528
005 20061228093204.04
010    @a7-5408-3879-5@dCNY18.00
100    @a20060829d2003 em y0chiy0110 ea
101 0  @achi
102    @aCN@b510000
105    @ay z 000ed
200 1  @a细数阳光@AXi Shu Yang Guang@f袁卫星著@FYuan Wei Xing Zhu
210    @a成都@c四川教育出版社@d2003
215    @a290页@d21cm
225 2  @a教育在线文库@i教育随笔系列
330    @a该书分为“走进学生心灵”、“追求课堂诗意”以及“享受教育幸福”三辑,共选收作品60篇。即《忘不了一双流泪的眼睛》、《超越课堂教学技巧》等。
410  0 @12001 @a教育在线文库@i教育随笔系列
606 0  @a教育@x随笔@y中国@x文集
690    @aG52-53@v4
701  0 @a袁卫星@AYuan Wei Xing@4著
801  0 @aCN@b中图数据@c20061228
905    @a10447@dG52-53@e108
    
    细数阳光/袁卫星著.-成都:四川教育出版社,2003
    290页;21cm.-(教育在线文库.教育随笔系列)
    
    
    ISBN 7-5408-3879-5:CNY18.00
    该书分为“走进学生心灵”、“追求课堂诗意”以及“享受教育幸福”三辑,共选收作品60篇。即《忘不了一双流泪的眼睛》、《超越课堂教学技巧》等。
●
相关链接 在E读中查询图书 在五车中查询图书 在当当中查询图书 在豆瓣中查询图书


正题名:细数阳光     索取号:G52-53/108         预约/预借

序号 登录号 条形码 馆藏地/架位号 状态 备注
1 0604078   206040782   第一样本阅览室/ [索取号:G52-53/108] 在馆    
2 0604079   206040791   密集书库/ [索取号:G52-53/108] 在馆    
3 0604080   206040808   第四借阅区/ [索取号:G52-53/108] 在馆    
4 0604081   206040817   第四借阅区/ [索取号:G52-53/108] 在馆    
5 0604082   206040826   第四借阅区/ [索取号:G52-53/108] 在馆    
6 0604083   206040835   第四借阅区/ [索取号:G52-53/108] 在馆    
7 0604084   206040844   密集书库/ [索取号:G52-53/108] 在馆    
8 0604085   206040853   密集书库/ [索取号:G52-53/108] 在馆    
唐山师范学院图书馆 欢迎您!
大连网信软件有限公司© 版权所有